000 00310nam a22001217a 4500
005 20230814085040.0
008 230814b |||||||| |||| 00| 0 eng d
040 _aLoreto college
082 _a305.4
_bBAN
245 _aMapping the field
_bgender relations in contemporary India
850 _aLCLIB
942 _cBK
999 _c43409
_d93888